History Quiz

Random History or Popular Quiz

Popular people on Wikipedia born in France Quiz Stats

 Plays Quiz not verified by Sporcle

Score 0/50 Timer 08:00
0 Plays Today
million views (2008-2013) Name % Correct
57,56Napoleon Bonaparte
88.9%
20,93Zinedine Zidane
74.3%
14,69Charles de Gaulle
73.2%
23,21Claude Monet
70.5%
25,43Louis XIV
69.3%
14,51Louis XVI
69.2%
21,35Thierry Henry
62%
27,63Voltaire
61.7%
19,89Nicolas Sarkozy
61%
25,66Victor Hugo
59.9%
20,73Coco Chanel
58.4%
17,58Édith Piaf
54.8%
26,37René Descartes
52.9%
27,93Jeanne d'Arc
52.8%
19,01Jean-Paul Sartre
44.9%
10,53Auguste Rodin
43%
17,94Marion Cotillard
40.8%
17,80Louis Pasteur
40.2%
11,61Karim Benzema
38%
17,24Molière
35.8%
10,59Émile Zola
34.3%
15,44Brigitte Bardot
34.2%
14,44Franck Ribéry
32.8%
17,30Blaise Pascal
32.2%
10,24Gérard Depardieu
28.8%
million views (2008-2013) Name % Correct
12,47Claude Debussy
26.4%
14,02Paul Cézanne
25.9%
46,84Emma Watson
25.6%
9,79Honoré de Balzac
23.5%
11,09André the Giant
23.4%
22,91Jules Verne
22.4%
12,75Henri Matisse
19.7%
10,35Paul Gauguin
19.1%
11,08Serge Gainsbourg
16.6%
12,67Charles Baudelaire
15.8%
10,82Sophie Marceau
15.1%
28,98David Guetta
15.1%
10,24Nicolas Anelka
15%
11,02Charles de Secondat baron de Montesquieu
14.8%
9,78Alain Delon
14.6%
12,86Vanessa Paradis
12.9%
10,96Guy de Maupassant
11.7%
15,14Eva Green
11.3%
14,96Michel Foucault
10.6%
22,72Nostradamus
10%
10,98Marquis de Sade
9.4%
9,90Antoine de Saint-Exupéry
8.2%
12,21Émile Durkheim
7.8%
18,61Roman Polanski
6.7%
9,96Gonzalo Higuaín
4.6%

You're not logged in!

Compare scores with friends on all Sporcle quizzes.
OR
Log In

Sporcle TV

Today on Sporcle TV


Watch our educational content, quiz creation guides, and fun videos on Sporcle TV.

Show Comments

Extras

Top Quizzes Today


Score Distribution

Your Account Isn't Verified!

In order to create a playlist on Sporcle, you need to verify the email address you used during registration. Go to your Sporcle Settings to finish the process.

Report this User

Report this user for behavior that violates our Community Guidelines.

Details: